Stolice świata (bez wskazówek) - Statystyki

Ogólne statystyki
  • Ten quiz został rozwiązany 2 261 razy
  • Średni wynik to 93 z 196
Statystyki odpowiedzi
odpowiedź % Poprawnych
Warszawa
93%
Moskwa
88%
Berlin
87%
Madryt
86%
Oslo
86%
Londyn
84%
Paryż
84%
Helsinki
83%
Lizbona
83%
Praga
83%
Amsterdam
82%
Budapeszt
82%
Wilno
82%
Bratysława
81%
Bukareszt
81%
Kijów
81%
Mińsk
81%
Rzym
81%
Sztokholm
81%
Ryga
80%
Wiedeń
80%
Andora
79%
Ateny
79%
Bruksela
79%
Dublin
79%
Watykan
78%
San Marino
77%
Zagrzeb
77%
Kopenhaga
76%
Luksemburg
76%
Pekin
75%
Waszyngton
75%
Berno
74%
Tokio
73%
Vaduz
73%
Sofia
72%
Monako
71%
Ankara
70%
Belgrad
70%
Tallin
70%
Meksyk
69%
Sarajewo
69%
Kiszyniów
68%
Lublana
68%
Ottawa
68%
Tirana
68%
Brasília
66%
Podgorica
66%
Skopje
66%
Valletta
66%
Buenos Aires
65%
Kair
65%
Prisztina
65%
Canberra
62%
Reykjavik
61%
Seul
61%
Nikozja
58%
Nowe Delhi
58%
Jerozolima
57%
Lima
55%
Montevideo
54%
Santiago
54%
Astana
53%
Bogotá
53%
Pjongjang
53%
Teheran
53%
Baku
52%
Rabat
52%
Ułan Bator
52%
Algier
51%
Bagdad
51%
Kapsztad
51%
Panama
51%
Caracas
50%
Dżakarta
50%
Hawana
50%
Tunis
50%
Wellington
50%
Singapur
49%
Bangkok
48%
Tbilisi
48%
Damaszek
47%
La Paz
47%
Erywań
46%
Hanoi
46%
Kabul
46%
Rijad
46%
Islamabad
45%
Abu Zabi
44%
Quito
44%
Bejrut
43%
Dakar
43%
Manila
43%
Kingston
42%
Kuala Lumpur
42%
Kuwejt
42%
Nairobi
42%
Sana
42%
Trypolis
42%
Addis Abeba
41%
Biszkek
41%
Gwatemala
41%
Amman
40%
Antananarywa
40%
Asunción
40%
Katmandu
40%
Dhaka
39%
Georgetown
39%
Kinszasa
39%
San José
39%
Malé
38%
Port-au-Prince
38%
San Salvador
38%
Taszkent
38%
Chartum
37%
Duszanbe
37%
Dżibuti
37%
Tajpej
37%
Luanda
36%
Maskat
36%
Paramaribo
36%
Wientian
36%
Akra
35%
Dili
35%
Kolombo
35%
Mogadiszu
35%
Port-of-Spain
35%
Santo Domingo
35%
Abudża
34%
Aszchabad
34%
Manama
33%
Phnom Penh
33%
Ad-Dauha
32%
Bissau
32%
Freetown
32%
Kingstown
32%
Lusaka
32%
Nassau
32%
Port Moresby
32%
Belmopan
31%
Brazzaville
31%
Harare
31%
Tegucigalpa
31%
Thimphu
31%
Asmara
30%
Bamako
30%
Libreville
30%
Lomé
30%
Managua
30%
Ndżamena
30%
Saint John's
30%
Suva
30%
Victoria
30%
Bandar Seri Begawan
29%
Dodoma
29%
Dżuba
29%
Kampala
29%
Maputo
29%
Niamey
29%
Porto-Novo
29%
Saint George's
29%
São Tomé
29%
Wagadugu
29%
Windhuk
29%
Apia
28%
Bridgetown
28%
Gaborone
28%
Kigali
28%
Konakry
28%
Monrovia
28%
Nawakszut
28%
Naypyidaw
28%
Port Louis
28%
Bandżul
27%
Jamusukro
27%
Jaunde
27%
Mbabane
27%
Roseau
27%
Bangi
26%
Malabo
26%
Port Vila
26%
Praia
26%
Yaren
26%
Castries
25%
Honiara
25%
Lilongwe
25%
Maseru
25%
Moroni
25%
Gitega
24%
Majuro
24%
Palikir
24%
Basseterre
23%
Nuku'alofa
23%
Funafuti
22%
Ngerulmud
22%
Tarawa Południowa
22%
Nie znaleziono quizów pasujących do podanych kryteriów
Rozkład punktacji
Procent ludzi z każdym wynikiem
Percentyl według liczby udzielonych odpowiedzi
Twoja historia wyników
Nie rozwiązałeś tego quizu